Development of estimation method for IDMA systems and its comparative study with log likelihood method (Record no. 181736)

000 -LEADER
fixed length control field 00704 a2200181 4500
003 - CONTROL NUMBER IDENTIFIER
control field Nust
005 - DATE AND TIME OF LATEST TRANSACTION
control field 20170207153219.0
040 ## - CATALOGING SOURCE
Transcribing agency Nust
082 ## - DEWEY DECIMAL CLASSIFICATION NUMBER
Classification number 621.382
100 ## - MAIN ENTRY--PERSONAL NAME
Personal name Kiani, Ishtiaq Mahmood ( MSEE-12)
245 ## - TITLE STATEMENT
Title Development of estimation method for IDMA systems and its comparative study with log likelihood method
Statement of responsibility, etc. Ishtiaq Mahmood Kiani
260 ## - PUBLICATION, DISTRIBUTION, ETC.
Name of publisher, distributor, etc. MCS, NUST
Date of publication, distribution, etc. Nov, 2008
Place of publication, distribution, etc. Rawalpindi
300 ## - PHYSICAL DESCRIPTION
Extent xi,65, p.;
505 ## - FORMATTED CONTENTS NOTE
Formatted contents note Introduction (page-1) Multiple access schemes (page-4) IDMA using hypothesis theory (page-16) IDMA using estimation theory (page-32) Analysis and results (page-45) Conclusion (page-60)
538 ## - SYSTEM DETAILS NOTE
System details note Almirah No 69 Shelf No 2
650 ## - SUBJECT ADDED ENTRY--TOPICAL TERM
Topical term or geographic name entry element PG Thesis
651 ## - SUBJECT ADDED ENTRY--GEOGRAPHIC NAME
Geographic name MSEE-12
942 ## - ADDED ENTRY ELEMENTS (KOHA)
Koha item type
Holdings
Withdrawn status Lost status Source of classification or shelving scheme Damaged status Not for loan Collection code Permanent Location Current Location Date acquired Total Checkouts Full call number Barcode Date last seen Price effective from Koha item type
            Military College of Signals (MCS) Military College of Signals (MCS) 12/12/2016   621.382 MAH MCSTEE-60 12/08/2016 12/12/2016 Book
© 2023 Central Library, National University of Sciences and Technology. All Rights Reserved.